Online
Catalog

Ninguna mujer debe morir al dar vida. (Record no. 45434)

MARC details
000 -CABECERA
campo de control de longitud fija 00293nam a2200097 a 4500
005 - FECHA Y HORA DE LA ÚLTIMA TRANSACCIÓN
campo de control 20201002052535.0
008 - DATOS DE LONGITUD FIJA--INFORMACIÓN GENERAL
campo de control de longitud fija 150602s2004 000 spa d
040 ## - FUENTE DE LA CATALOGACIÓN
Centro catalogador/agencia de origen DO-SdBNP
245 #0 - MENCIÓN DE TÍTULO
Título Ninguna mujer debe morir al dar vida.
260 ## - PUBLICACIÓN, DISTRIBUCIÓN, ETC.
Lugar de publicación, distribución, etc. s. l. : Fondo de publicación para Mujeres Indigenas,
Fecha de publicación, distribución, etc. s. f.

No items available.

Powered by Koha